| 000 | 02082nam0a2200373 4500 | ||
|---|---|---|---|
| 001 | RU\NLR\bibl\213072 | ||
| 005 | 20260407064433.0 | ||
| 010 |
_a5-7228-0041-4 _9500 |
||
| 021 |
_aRU _b97-28292 _91169 |
||
| 035 | _a(NLR Aleph) 000209231 | ||
| 090 |
_a1214189 _c1214189 |
||
| 100 | _a20011214d1997 |||y0rusy50 ca | ||
| 101 | 0 | _arus | |
| 102 | _aRU | ||
| 105 | _ay ||||||||| | ||
| 200 | 1 |
_aО Московской битве и Великой Отечественной войне _eВоспоминания и ст. _f[Сост.: д.ист.н. А.Н. Пономарев, к.т.н. В.С. Хаблов _gРедкол.: к.ист.н. М.М. Горинов и др.] |
|
| 210 |
_aМ. _cМосгосархив _d1997 |
||
| 215 |
_a233,[1] с. _d21 |
||
| 225 | 1 | _aВоспоминания. Документы. Факты | |
| 225 | 1 |
_aТруды Военно-научного общества при Центральном Доме Российской Армии _fВоен.-науч. о-во при Центр. доме Рос. Армии |
|
| 320 | _aБиблиогр. в подстроч. прим. | ||
| 606 | 0 |
_aВеликая Отечественная война _jВоспоминания, записки и т.п. _xРазгром немцев под Москвой _z1941 - 1945 _z1941 - 1942 _91226336 _3RU\NLR\auth\66181452 |
|
| 606 | 0 |
_aБитва под Москвой _jВоспоминания, записки и т.п. _z1941 - 1942 _92195999 _3RU\NLR\auth\661319820 |
|
| 686 | _aЦ35(2)722.221,013 | ||
| 686 | _aТ3(2)722.111.9,013 | ||
| 702 | 1 |
_aПономарев _bА. Н. _4220 |
|
| 702 | 1 |
_4070 _8rus _7ca _aГоринов _bМ. М. _f1959- _gМихаил Михайлович _3RU\NLR\auth\7714620 _9124292 |
|
| 711 | 0 | 2 |
_aЦентральный дом Российской армии им. М. В. Фрунзе _cМосква _bВоенно-научное общество _3RU\NLR\AUTH\889927123 _9349915 |
| 801 | 0 |
_aRU _bNLR _c20011214 _gPSBO |
|
| 801 | 1 |
_aRU _bNLR _c20011214 |
|
| 852 |
_aNLR _j2000-5/2575 |
||
| 942 | _cBOOK | ||
| 980 | _aNB | ||